Electronic Gadgets
Shranjeno v:
| Format: | Knjiga |
|---|---|
| Jezik: | Undetermined |
| Izdano: |
New York
DMR Publications, Inc.
1976
|
| Teme: | |
| Oznake: |
Označite
Brez oznak, prvi označite!
|
| Thư viện lưu trữ: | Trung tâm Học liệu Trường Đại học Cần Thơ |
|---|
| LEADER | 00404nam a2200157Ia 4500 | ||
|---|---|---|---|
| 001 | CTU_84039 | ||
| 008 | 210402s9999 xx 000 0 und d | ||
| 082 | |a 537.5 | ||
| 082 | |b E19 | ||
| 245 | 0 | |a Electronic Gadgets | |
| 260 | |a New York | ||
| 260 | |b DMR Publications, Inc. | ||
| 260 | |c 1976 | ||
| 650 | |a Electronic | ||
| 904 | |i Qhieu(sửa) | ||
| 980 | |a Trung tâm Học liệu Trường Đại học Cần Thơ | ||